Kfz-Kennzeichen - NRW - Statistiken

Allgemein
  • Dieses Quiz wurde 1.960 mal gespielt
  • Das Durchschnittsergebnis liegt bei 59 aus 82
Antwortstatistiken
Kreis/Kreisfreie Stadt Hinweis Kennzeichen % Korrekt
Bochum Bochum BO
98%
Düsseldorf D
98%
Wuppertal W
98%
Essen E
97%
Köln K
96%
Duisburg DU
95%
Moers MO
94%
Aachen Aachen AC
93%
Dortmund DO
93%
Gelsenkirchen GE
93%
Hagen HA
93%
Leverkusen Leverkusen LEV
89%
Lippe LIP
89%
Hamm HAM
88%
Krefeld KR
88%
Herne Herne HER
87%
Coesfeld Coesfeld COE
86%
Oberhausen OB
86%
Mettmann ME
85%
Mönchengladbach MG
85%
Bielefeld BI
84%
Euskirchen Euskirchen EU
84%
Rheinisch-Bergischer Kreis Bergisch Gladbach GL
84%
Münster MS
84%
Opladen OP
84%
Recklinghausen RE
84%
Kleve KLE
82%
Siegen SI
82%
Bonn BN
81%
Neuss NE
81%
Paderborn Pb
81%
Borken Ahaus AH
80%
Borken BOR
80%
Ennepe-Ruhr-Kreis Ennepe EN
80%
Soest SO
80%
Märkischer Kreis MK
79%
Unna UN
79%
Witten WIT
79%
Heinsberg HS
78%
Minden-Lübbecke MI
78%
Warendorf Beckum BE
76%
Bottrop BOT
75%
Monschau MON
75%
Monschau MON
75%
Wattenscheid WAT
75%
Kleve Geldern GEL
72%
Steinfurt ST
71%
Wesel WES
70%
Heinsberg Erkelenz ERK
69%
Höxter HX
69%
Viersen VIE
69%
Recklinghausen Castrop-Rauxel CAS
68%
Hochsauerlandkreis HSK
67%
Mülheim an der Ruhr MH
67%
Jülich JÜL
66%
Gütersloh GT
65%
Wanne-Eickel WAN
65%
Paderborn Büren BÜR
62%
Wesel Dinslaken DIN
62%
Düren Düren DN
62%
Gladbeck GLA
62%
Lünen LÜN
62%
Remscheid RS
61%
Herford HF
60%
Solingen SG
60%
Olpe OE
57%
Tecklenburg TE
55%
Bocholt BOH
53%
Geilenkirchen GK
53%
Lüdinghausen LH
53%
Unna Lüdinghausen LH
53%
Oberbergischer Kreis Gummersbach GM
51%
Viersen Kempen-Krefeld KK
48%
Soest Lippstadt LP
48%
Rhein-Erft-Kreis Bergheim BM
40%
Warendorf WAF
39%
Rhein-Kreis Neuss Grevenbroich GV
38%
Schleiden SLE
35%
Schleiden SLE
35%
Rhein-Sieg-Kreis Siegburg SU
35%
Steinfurt Burgsteinfurt BF
21%
Siegen-Wittgenstein Bad Berleburg BLB
14%
Keine übereinstimmenden Quizze gefunden
Verteilung der Resultate
Anzahl Personen mit jedem Resultat
Perzentil nach korrekt beantworteten Fragen
Ihre Resultats-Entwicklung
Sie haben dieses Quiz noch nicht gespielt